|
|
|
|
| LEADER |
00000nam a2200000Ia 4500 |
| 008 |
170817b1999 cr ||||| |||| 00| | spa d |
| 999 |
|
|
|c 872
|d 872
|
| 020 |
|
|
|a 9968794015
|
| 090 |
|
|
|a 06.02.01
|b 901
|
| 110 |
2 |
|
|a Programa de las Naciones Unidas para el Desarrollo
|9 262
|
| 245 |
1 |
4 |
|a Los retos educativos del futuro: Estado de la educación en América Latina y el Caribe /
|c Programa de las Naciones Unidas para el Desarrollo
|
| 260 |
|
|
|a San José, Costa Rica :
|b PNUD,
|c 1999
|
| 300 |
|
|
|a 248 páginas
|
| 650 |
1 |
4 |
|a EDUCACIÓN
|9 1
|
| 650 |
1 |
4 |
|a DESARROLLO HUMANO
|9 77
|
| 650 |
1 |
4 |
|a DESARROLLO DE LA EDUCACIÓN
|9 24
|
| 650 |
1 |
4 |
|a GLOBALIZACIÓN
|9 266
|
| 650 |
1 |
4 |
|a POLÍTICA EDUCATIVA
|9 451
|
| 651 |
|
4 |
|a AMÉRICA LATINA
|9 273
|
| 942 |
|
|
|i 001480 ,001476
|h 06.02.01 901
|2 z
|c 01
|